000 00993nam a2200301Ia 4500
003 OSt
005 20220912151345.0
006 a|||||r|||| 00| 0
007 ta
008 220909b |||||||| |||| 00| 0 eng d
024 _a29282
037 _cTextual
040 _aCSL
_beng
_cCSL
041 _aeng
082 _aB38:4p1,N83, M5
100 _aGrivard P Ed.
111 _aConference on singularities and constructive methods for their treatment (1983 : West Germany)
245 0 _aProceeding on singularities and constructive methods for their treatment
260 _aBerlin
_bSpringer-Verlag
_c1985
300 _aix, 346p.
_ccm.
490 _aLecture notes in mathematics; 1121
650 _a Singularities and constructive methods
650 _aAnalyticla functions
700 _a Wendland W Ed.
700 _a Whiteman J R Ed.
942 _hB38:4p1,N83, M5
_cTEXL
_2CC
999 _c66925
_d66925